000 00675nam a2200217Ia 4500
005 20220219095314.0
008 210716s2004 xx 000 0 und d
020 _a9789350974490
040 _cAIMIT LIBRARY
041 _aeng
082 _a658.3
_21
_bRAOP
100 _aRao, P Subba.
_921241
245 _aPersonnel and human resource management :
_cBy P Subba Rao.
_btext and cases /
250 _a1st ed.
260 _aNew Delhi :
_bHimalaya Publishing House ;
_c2013
300 _a476p. ;
_c27.5 cm.
650 _aHuman resource planning
_921242
650 _aRecruitment
_921243
650 _aHuman resource development
_921244
942 _2ddc
_cBK
_e1st
_k658.3 RAOP
999 _c208562
_d208562